000
00282nam a22001217a 4500
008
160519b xxu||||| |||| 00| 0 eng d
020
_a
9780397447640
020
_a
0397447647
041
_a
eng
080
_a
616
245
_a
Pathology:
_c
Alan Stevens; James Lowe;
942
_2
udc
_c
BK
999
_c
2260
_d
2260